[Event "SLO-chT 32nd"]
[Site "Ljubljana"]
[Date "2022.09.11"]
[Round "6.1"]
[White "Saric, Ivan"]
[Black "Furlan, Miha"]
[Result "1/2-1/2"]
[WhiteElo "2668"]
[BlackElo "2345"]
[PlyCount "120"]
[EventDate "2022.09.02"]
[EventType "team-tourn"]
[EventRounds "9"]
[EventCountry "SLO"]
[SourceTitle "EXT 2023"]
[Source "ChessBase"]
[SourceDate "2022.10.05"]
[SourceVersion "1"]
[SourceVersionDate "2022.10.05"]
[SourceQuality "1"]
[WhiteTeam "Ljubljana Tajfun"]
[BlackTeam "Trebnje BMP"]
[WhiteTeamCountry "SVK"]
[BlackTeamCountry "SLO"]

1. e4 e6 2. d4 d5 3. Nc3 Bb4 4. e5 c5 5. a3 Bxc3+ 6. bxc3 Ne7 7. Qg4 Qc7 8. Bd3 c4 9. Be2 Qa5 10. Bd2 Nf5 11. h4 Qa4 12. Bd1 Nc6 13. h5 h6 14. Qf4 Bd7 15. g4 Nfe7 16. Nf3 Rg8 17. Nh4 0-0-0 18. Rh3 Rdf8 19. Rf3 b6 20. Qg3 Qb5 21. Bc1 Qa4 22. Kf1 Kb7 23. Rf4 Be8 24. Qf3 Nd8 25. Rb1 a5 26. Ng6 Nxg6 27. hxg6 Qd7 28. Be2 Ka7 29. Ra1 Qe7 30. a4 fxg6 31. Rxf8 Qxf8 32. Qxf8 Rxf8 33. g5 Nf7 34. gxh6 gxh6 35. Ba3 Rg8 36. Be7 Bd7 37. Kg2 Kb7 38. Kg3 Kc7 39. Bf6 Bc6 40. Kh4 Kd7 41. Bg4 Ra8 42. f4 b5 43. axb5 Bxb5 44. Kg3 a4 45. Kf2 Bc6 46. Bh3 a3 47. Ra2 Ra6 48. Ke2 Bb7 49. Kd2 Bc8 50. Kc1 Ke8 51. Ra1 g5 52. fxg5 Nxg5 53. Bxg5 hxg5 54. Kb1 a2+ 55. Rxa2 Rxa2 56. Kxa2 Ke7 57. Kb2 Bd7 58. Kc1 Be8 59. Bg4 Bg6 60. Kd2 Bh7 1/2-1/2

[Event "SLO-chT1 West"]
[Site "Slovenia"]
[Date "2016.12.11"]
[Round "9"]
[White "Furlan, Miha"]
[Black "Podlesnik, Bogdan"]
[Result "1/2-1/2"]
[WhiteElo "2293"]
[BlackElo "2369"]
[PlyCount "77"]
[EventDate "2016.11.11"]
[EventType "team-tourn"]
[EventRounds "9"]
[EventCountry "SLO"]
[SourceTitle "EXT 2018"]
[Source "ChessBase"]
[SourceDate "2017.10.13"]
[SourceVersion "1"]
[SourceVersionDate "2017.10.13"]
[SourceQuality "1"]
[WhiteTeam "Trebnje BMP"]
[BlackTeam "Posocje"]
[WhiteTeamCountry "SLO"]
[BlackTeamCountry "SLO"]

1. e4 c5 2. Nf3 Nc6 3. Bb5 Qb6 4. Nc3 e6 5. Bxc6 bxc6 6. 0-0 c4 7. b3 cxb3 8. axb3 d5 9. Re1 Bb7 10. d4 Nf6 11. e5 Nd7 12. Na4 Qc7 13. Ba3 c5 14. Nxc5 Nxc5 15. Bxc5 Bxc5 16. dxc5 Qxc5 17. Qd4 Qxd4 18. Nxd4 a6 19. f4 Rc8 20. Re3 h5 21. Rg3 g6 22. Kf2 Kd7 23. h4 Rc5 24. Ke2 Ra8 25. Kd2 Rac8 26. Re3 R8c7 27. Ra2 Rc8 28. g3 Kc7 29. b4 Rc4 30. c3 Kb6 31. Rd3 Bc6 32. Ra3 Rc7 33. Re3 Bb5 34. Re1 Ra7 35. Rea1 Rcc7 36. Nb3 Rc4 37. Nd4 Rcc7 38. Nb3 Rc4 39. Nd4 1/2-1/2

[Event "Ljubljana-chT 69th Superliga"]
[Site "Ljubljana"]
[Date "2016.03.10"]
[Round "6.1"]
[White "Furlan, Miha"]
[Black "Trussevich, Sergey"]
[Result "1/2-1/2"]
[WhiteElo "2299"]
[BlackElo "2244"]
[PlyCount "40"]
[EventDate "2016.01.14"]
[EventType "team-tourn"]
[EventRounds "9"]
[EventCountry "SLO"]
[SourceTitle "EXT 2022"]
[Source "ChessBase"]
[SourceDate "2021.10.06"]
[SourceVersion "1"]
[SourceVersionDate "2021.10.06"]
[SourceQuality "1"]
[WhiteTeam "Mentor"]
[BlackTeam "Klinicni Center"]
[WhiteTeamCountry "SLO"]
[BlackTeamCountry "SLO"]

1. e4 e5 2. Nf3 d6 3. d4 exd4 4. Nxd4 Nf6 5. Nc3 Be7 6. Bf4 0-0 7. Qd2 a6 8. 0-0-0 b5 9. f3 c6 10. g4 b4 11. Nce2 Qa5 12. Kb1 Rd8 13. Nf5 Bf8 14. Nc1 d5 15. Bg5 Nbd7 16. e5 Nxe5 17. Nh6+ gxh6 18. Bxf6 Nxf3 19. Qf4 Ng5 20. Nb3 Qb6 1/2-1/2

[Event "SLO-chT1 West"]
[Site "Ljubljana"]
[Date "2015.11.06"]
[Round "4"]
[White "Furlan, Miha"]
[Black "Kolaric, Spela"]
[Result "1-0"]
[WhiteElo "2318"]
[BlackElo "2092"]
[PlyCount "33"]
[EventDate "2015.10.16"]
[EventType "team-tourn"]
[EventRounds "9"]
[EventCountry "SLO"]
[SourceTitle "EXT 2019"]
[Source "ChessBase"]
[SourceDate "2018.10.10"]
[SourceVersion "1"]
[SourceVersionDate "2018.10.10"]
[SourceQuality "1"]
[WhiteTeam "Trebnje BMP"]
[BlackTeam "Kocevje"]
[WhiteTeamCountry "SLO"]
[BlackTeamCountry "SLO"]

1. e4 c5 2. Nf3 e6 3. g3 Nc6 4. Bg2 g6 5. d4 cxd4 6. Nxd4 Bg7 7. Nb5 Qa5+ 8. N1c3 Bxc3+ 9. Nxc3 h5 10. h3 Nge7 11. 0-0 a6 12. a3 0-0 13. Qd6 f5 14. Nd5 Nxd5 15. exd5 Nd8 16. b4 Nf7 17. Qxf8+ 1-0

[Event "SLO-chT1 West"]
[Site "Ljubljana"]
[Date "2015.10.16"]
[Round "1"]
[White "Furlan, Miha"]
[Black "Plaskan, Jure"]
[Result "1-0"]
[WhiteElo "2318"]
[BlackElo "2205"]
[PlyCount "101"]
[EventDate "2015.10.16"]
[EventType "team-tourn"]
[EventRounds "9"]
[EventCountry "SLO"]
[SourceTitle "EXT 2019"]
[Source "ChessBase"]
[SourceDate "2018.10.10"]
[SourceVersion "1"]
[SourceVersionDate "2018.10.10"]
[SourceQuality "1"]
[WhiteTeam "Trebnje BMP"]
[BlackTeam "Domzale"]
[WhiteTeamCountry "SLO"]
[BlackTeamCountry "SLO"]

1. e4 c5 2. Nf3 d6 3. d4 Nf6 4. Nc3 cxd4 5. Nxd4 a6 6. Be2 e5 7. Nb3 Be7 8. 0-0 b6 9. Be3 Bb7 10. Nd5 Nxd5 11. exd5 0-0 12. c4 a5 13. Nd2 Nd7 14. Nb1 f5 15. f3 Nc5 16. Nc3 Bc8 17. b3 Bf6 18. Nb5 f4 19. Bxc5 bxc5 20. Rb1 Bh4 21. Bd3 Rf6 22. Qc2 Rh6 23. Bf5 Qg5 24. Bxc8 Rxc8 25. Nc3 Bg3 26. h3 Rg6 27. Rfd1 Qe7 28. Ne4 Qd7 29. a3 Bh4 30. Kf1 Qa7 31. b4 cxb4 32. axb4 axb4 33. Rxb4 Qa5 34. Qa4 Qxa4 35. Rxa4 Be7 36. Rb1 Bf8 37. Rb7 h5 38. h4 Kh7 39. Ng5+ Kh6 40. Ne6 Rf6 41. Ke2 Kg6 42. Ng5 Rf5 43. Kd3 Re8 44. Raa7 Rxg5 45. hxg5 Kxg5 46. Rxg7+ Bxg7 47. Rxg7+ Kh4 48. c5 dxc5 49. d6 e4+ 50. fxe4 c4+ 51. Kc3 1-0

[Event "Ljubljana-chT 68th Superliga"]
[Site "Ljubljana"]
[Date "2015.02.12"]
[Round "5.1"]
[White "Kavcic, Zan"]
[Black "Furlan, Miha"]
[Result "1-0"]
[WhiteElo "2337"]
[BlackElo "2340"]
[PlyCount "61"]
[EventDate "2015.01.08"]
[EventType "team-tourn"]
[EventRounds "9"]
[EventCountry "SLO"]
[SourceTitle "EXT 2022"]
[Source "ChessBase"]
[SourceDate "2021.10.06"]
[SourceVersion "1"]
[SourceVersionDate "2021.10.06"]
[SourceQuality "1"]
[WhiteTeam "Crni Vitezi"]
[BlackTeam "Mentor"]
[WhiteTeamCountry "SLO"]
[BlackTeamCountry "SLO"]

1. e4 d5 2. exd5 Qxd5 3. Nf3 Bg4 4. Be2 Nc6 5. d4 0-0-0 6. Be3 Nh6 7. Nbd2 Nf5 8. c3 e6 9. h3 Bh5 10. 0-0 Be7 11. b4 Bxf3 12. Bxf3 Nxe3 13. fxe3 Qg5 14. Nc4 f6 15. Qa4 Rd6 16. b5 Nd8 17. Qxa7 Qxb5 18. Nxd6+ Bxd6 19. Rab1 Qd3 20. Rfe1 Qxc3 21. Bxb7+ Kd7 22. Qa4+ Ke7 23. Bc8 Kf7 24. Qb3 Qa5 25. a4 Qg5 26. e4 Qf4 27. Qf3 Qh4 28. Kh1 Nc6 29. Bxe6+ Ke7 30. e5 Kxe6 31. Qxc6 1-0

[Event "SLO-chT1 West"]
[Site "Ljubljana"]
[Date "2014.10.24"]
[Round "7.19"]
[White "Furlan, Miha"]
[Black "Jelen, Igor"]
[Result "0-1"]
[WhiteElo "2340"]
[BlackElo "2385"]
[PlyCount "115"]
[EventDate "2014.10.03"]
[EventType "team-tourn"]
[EventRounds "9"]
[EventCountry "SLO"]
[SourceTitle "EXT 2019"]
[Source "ChessBase"]
[SourceDate "2018.10.10"]
[SourceVersion "1"]
[SourceVersionDate "2018.10.10"]
[SourceQuality "1"]
[WhiteTeam "Trebnje BMP"]
[BlackTeam "Ig"]
[WhiteTeamCountry "SLO"]
[BlackTeamCountry "SLO"]

1. e4 c5 2. Nf3 Nc6 3. Bb5 e6 4. Bxc6 bxc6 5. b3 f6 6. Bb2 Nh6 7. e5 Nf7 8. 0-0 Be7 9. Na3 0-0 10. Nc4 fxe5 11. Ncxe5 Nxe5 12. Nxe5 Bf6 13. Qc1 d6 14. Ng4 Bg5 15. Qe1 e5 16. Ne3 Rb8 17. d3 Rb7 18. Rd1 Rbf7 19. f3 Bf4 20. Bc1 Qg5 21. Rf2 Rf6 22. Kh1 Rg6 23. Bd2 Qh5 24. Nf1 Rh6 25. Bxf4 Rxf4 26. Re2 Rh4 27. Qg3 Bf5 28. Kg1 Rf4 29. Qe1 Be6 30. Qa5 Bd5 31. Rf2 Qg5 32. Ng3 Qh4 33. Nf1 Qg5 34. Ng3 Rg6 35. Rdf1 h5 36. Qxa7 h4 37. Ne4 Bxe4 38. dxe4 Rxf3 39. Qa5 Kh7 40. Qd2 Qxd2 41. Rxd2 Re3 42. a4 Rxe4 43. a5 d5 44. a6 Rd6 45. a7 Rd8 46. Ra1 Ra8 47. Ra6 c4 48. c3 d4 49. cxd4 c3 50. Rda2 exd4 51. Rxc6 Re7 52. Rc4 Raxa7 53. Rxa7 Rxa7 54. Kf2 Ra2+ 55. Kf3 Rd2 56. b4 c2 57. b5 Rd3+ 58. Ke4 0-1

[Event "SLO-chT1 West"]
[Site "Ljubljana"]
[Date "2014.10.03"]
[Round "1"]
[White "Pregarac, Valter"]
[Black "Furlan, Miha"]
[Result "0-1"]
[WhiteElo "2154"]
[BlackElo "2340"]
[PlyCount "44"]
[EventDate "2014.10.03"]
[EventType "team-tourn"]
[EventRounds "9"]
[EventCountry "SLO"]
[SourceTitle "EXT 2019"]
[Source "ChessBase"]
[SourceDate "2018.10.10"]
[SourceVersion "1"]
[SourceVersionDate "2018.10.10"]
[SourceQuality "1"]
[WhiteTeam "Piran"]
[BlackTeam "Trebnje BMP"]
[WhiteTeamCountry "SLO"]
[BlackTeamCountry "SLO"]

1. d4 e6 2. c4 f5 3. Nc3 Nf6 4. Qc2 b6 5. e3 Bb7 6. Nf3 Bb4 7. Bd3 Ne4 8. 0-0 Bxc3 9. bxc3 0-0 10. Ne1 d6 11. f3 Ng5 12. c5 dxc5 13. dxc5 Nd7 14. cxb6 axb6 15. Bc4 Qe7 16. Nd3 Kh8 17. a4 e5 18. Nf2 Nxf3+ 19. gxf3 Qg5+ 20. Ng4 Bxf3 21. Rxf3 Qxg4+ 22. Qg2 Qxc4 0-1

[Event "Latschach op 30th"]
[Site "Latschach"]
[Date "2014.08.15"]
[Round "8"]
[White "Furlan, Miha"]
[Black "Malakhatko, Vadim"]
[Result "0-1"]
[WhiteElo "2350"]
[BlackElo "2560"]
[PlyCount "88"]
[EventDate "2014.08.09"]
[EventType "swiss"]
[EventRounds "9"]
[EventCountry "AUT"]
[SourceTitle "CBM 161 Extra"]
[Source "ChessBase"]
[SourceDate "2014.08.29"]
[SourceVersion "1"]
[SourceVersionDate "2014.08.29"]
[SourceQuality "1"]

1. e4 c5 2. Nf3 Nc6 3. Bb5 Nf6 4. Bxc6 dxc6 5. d3 Bg4 6. h3 Bh5 7. Nc3 Nd7 8. g4 Bg6 9. h4 h5 10. g5 e5 11. Be3 Bd6 12. Qd2 Nf8 13. Ne2 Ne6 14. Nfg1 c4 15. Nh3 cxd3 16. cxd3 Qe7 17. 0-0-0 0-0 18. f4 exf4 19. Nhxf4 Bxf4 20. Nxf4 Nxf4 21. Bxf4 c5 22. Rhe1 Rad8 23. Qc3 Rfe8 24. b3 b5 25. Kb1 Rc8 26. Ka1 Kh7 27. Bc1 b4 28. Qb2 a5 29. Qf2 a4 30. bxa4 Ra8 31. Qc2 Ra5 32. Bb2 Rea8 33. Rc1 Qa7 34. Kb1 Qd7 35. Red1 Rc8 36. Ba1 Rxa4 37. Qb2 f6 38. Qg2 Ra3 39. gxf6 gxf6 40. Qe2 b3 41. axb3 Rxb3+ 42. Bb2 Qa4 43. Rc2 Rcb8 44. Rdd2 Ra8 0-1

[Event "SLO-chT1 West"]
[Site "Ljubljana"]
[Date "2012.09.22"]
[Round "2.1"]
[White "Hribar, Bojan"]
[Black "Furlan, Miha"]
[Result "0-1"]
[WhiteElo "2272"]
[BlackElo "2358"]
[PlyCount "104"]
[EventDate "2012.09.21"]
[EventType "team-tourn"]
[EventRounds "9"]
[EventCountry "SLO"]
[SourceTitle "EXT 2022"]
[Source "ChessBase"]
[SourceDate "2021.10.06"]
[SourceVersion "1"]
[SourceVersionDate "2021.10.06"]
[SourceQuality "1"]
[WhiteTeam "Komenda SK"]
[BlackTeam "Trebnje BMP"]
[WhiteTeamCountry "SLO"]
[BlackTeamCountry "SLO"]

1. e4 e6 2. d4 d5 3. Nc3 Bb4 4. a3 Bxc3+ 5. bxc3 dxe4 6. Qg4 Nf6 7. Qxg7 Rg8 8. Qh6 Nbd7 9. a4 c5 10. Nh3 Qe7 11. a5 e5 12. Qd2 Qd6 13. Bb2 Nf8 14. 0-0-0 Bxh3 15. gxh3 0-0-0 16. dxe5 Qxd2+ 17. Rxd2 Rxd2 18. Kxd2 N6d7 19. Ke3 Nxe5 20. Kxe4 Nfd7 21. f4 Ng6 22. Bc4 Re8+ 23. Kf5 Ne7+ 24. Kg4 Nf6+ 25. Kf3 Nf5 26. Bc1 Nd6 27. Be2 Nfe4 28. c4 Nf5 29. Bd3 Nh4+ 30. Kg4 Nf2+ 31. Kxh4 Nxh1 32. Kg5 Nf2 33. Bxh7 Ne4+ 34. Kh6 Nd6 35. Bb2 Re3 36. h4 Kd7 37. Kg7 Rh3 38. Bf6 Rxh2 39. Bg5 Ke6 40. Bd3 f6 41. f5+ Nxf5+ 42. Bxf5+ Kxf5 43. Bxf6 Rg2+ 44. Kf7 Rxc2 45. Be7 a6 46. Bxc5 Rxc4 47. Be7 Rc6 48. Bd8 Rh6 49. Kg7 Rd6 50. Be7 Rg6+ 51. Kf7 b5 52. axb6 Rxb6 0-1

[Event "Latschach op 28th"]
[Site "Latschach"]
[Date "2012.08.16"]
[Round "7"]
[White "Furlan, Miha"]
[Black "Malakhatko, Vadim"]
[Result "0-1"]
[WhiteElo "2367"]
[BlackElo "2528"]
[PlyCount "74"]
[EventDate "2012.08.11"]
[EventType "swiss"]
[EventRounds "9"]
[EventCountry "AUT"]
[SourceTitle "CBM 149 Extra"]
[Source "ChessBase"]
[SourceDate "2012.08.24"]
[SourceVersion "1"]
[SourceVersionDate "2012.08.24"]
[SourceQuality "1"]

1. e4 c5 2. Nf3 e6 3. d3 a6 4. g3 b5 5. Bg2 Bb7 6. a4 b4 7. 0-0 Nc6 8. Re1 Nge7 9. Nbd2 Nc8 10. h4 Be7 11. c3 a5 12. Nf1 0-0 13. h5 Nb6 14. N1h2 d6 15. Ng4 Rb8 16. c4 Nd7 17. b3 Nf6 18. Nfh2 Nd4 19. Be3 Nd7 20. f4 f5 21. Bxd4 cxd4 22. exf5 exf5 23. Nf2 Bxg2 24. Kxg2 Nc5 25. Nf3 Bf6 26. Nd2 Qd7 27. Qf3 Rbe8 28. Rad1 h6 29. Kf1 Kh7 30. Kg2 Re6 31. Kf1 Rfe8 32. Qd5 Re3 33. g4 Bh4 34. Nf3 Bxf2 35. Kxf2 fxg4 36. Nxd4 Rxe1 37. Rxe1 g3+ 0-1

[Event "Latschach op 28th"]
[Site "Latschach"]
[Date "2012.08.14"]
[Round "5"]
[White "Kersic, Matej"]
[Black "Furlan, Miha"]
[Result "1/2-1/2"]
[WhiteElo "2196"]
[BlackElo "2367"]
[PlyCount "76"]
[EventDate "2012.08.11"]
[EventType "swiss"]
[EventRounds "9"]
[EventCountry "AUT"]
[SourceTitle "CBM 149 Extra"]
[Source "ChessBase"]
[SourceDate "2012.08.24"]
[SourceVersion "1"]
[SourceVersionDate "2012.08.24"]
[SourceQuality "1"]

1. e4 e6 2. d4 d5 3. Nc3 Bb4 4. e5 c5 5. a3 Bxc3+ 6. bxc3 Ne7 7. Qg4 Kf8 8. Nf3 Qa5 9. Bd2 Qa4 10. Ra2 h6 11. Bd3 b6 12. 0-0 Ba6 13. Qf4 Bxd3 14. cxd3 c4 15. dxc4 Qxc4 16. Raa1 Nbc6 17. a4 Na5 18. Bc1 Nec6 19. Ba3+ Kg8 20. Bb4 Nxb4 21. cxb4 Qxb4 22. Rfc1 Qe7 23. Qe3 Kh7 24. Qd3+ g6 25. h4 Rhc8 26. h5 Rxc1+ 27. Rxc1 Nc4 28. g3 Kg7 29. hxg6 fxg6 30. Nd2 Nxd2 31. Qxd2 Qd7 32. Rc3 Rf8 33. Qc2 Rf7 34. Rc6 Re7 35. Rc8 Qb7 36. Rc3 Qd7 37. Rf3 Rf7 38. Rc3 Re7 1/2-1/2